00716cam a2200229 450000100060000000300080000600500170001400800390003103500190007003500230008903500170011204000270012904100080015608200220016410000370018624501060022326000440032930000370037350400200041065000350043070000210046510847BD-RjUL20211208235027.0140125s1965 nyuab 001 0 eng a(BD-RjUL)10896 a(OCoLC)ocm00185659 a(NNC)2646114 aDLCcWSUdBD-RjULbeng aeng a551.634bRIW 19651 aRichardson, Lewis F.d1881-1953.10aWeather prediction by numerical process /cLewis F. Richardson, With a new introd. by Sydney Chapman. aNew York :bDover Publications,cc1965. axiii, 236 p. :billus. ;c24 cm. aIncludes index. 0aNumerical weather forecasting.1 aChapman, Sydney